00719nam a2200169 a 450000100100000000500170001000800410002704000250006810000250009324500520011826000750017030000360024550000630028104900090034495201790035399900170053200003082720200930062531.0110531s1989 dr ac 000 0 spa d aDO-SdBNPbspacBNPHU1 aSuazo, Wilson95737410aPeriodismo banilejo de siempre /cWilson Suazo. aSanto Domingo :bAsociación Peravia de Ahorros y Préstamos,c1989. a130 p. :bil., retrs. ;c22 cm. aIncluye datos biográficos del autor en la contracubierta aBNPD 0010718PDaPDbPDcCTd2011-05-31iLF1l0o p30827-10r2020-06-25w2020-06-25yLFPDzPerteneció a la biblioteca personal de Germán Emilio Ornes. DedicadoZNo se presta c30319d30319